000 00615nam a22002417a 4500
003 UA-OsUOA
001 129671
007 ta
008 20180316b un ||||| |||| 00| 0 ukr d
100 _aКузан В.
090 _a821.161.2
_bК89
942 _cBK
040 _aUA-OsUOA
_bukr
_cUA-OsUOA
_dUA-OsUOA
245 _aDUOSсвіт
_bпоезія
300 _a116 с.
955 _a3
041 _aukr
080 _a821.161.2
020 _a978-617-596-074-5
260 _aУжгород
_bЛіра
_c2012
650 7 _a82 Література. Літературознавство
_2UDC
999 _c417544
_d417544